000 00712nam a2200193Ii 4500
003 JO-AjNU
008 230605s9999||||xx |||||||||||||| ||und||
040 _aJO-AjNU
_bara
_erda
_cJO-AjNU
041 _aara
050 1 4 _aPJ7507.S2588 1900
100 3 _aسلام ، محمد زغلول,
_eauthor
_938413
245 0 0 _aتاريخ النقد العربي إلى القرن الرابع الهجري 1
264 3 1 _aالقاهرة: دار المعارف بمصر، 1900
300 _a325ص
336 _atext
_btxt
_2rdacontent
337 _aunmediated
_bn
_2rdamedia
338 _avolume
_bnc
_2rdacarrier
650 4 _aتاريخ ونقد-نق-النقد العربي-القرن الرابع الهجري
_938414
999 _aA16137
_c19705
_d19705